British Journal of Industrial Relations

Detalles Bibliográficos
Formato: eBook
Lenguaje:inglés
Publicado: Hoboken: Wiley, 1963 -
Materias:
Acceso en línea:Acceso restringido

MARC

LEADER 00000nam a22000007a 4500
005 20210412215936.0
007 cr|||| ||||
008 210412c19639999gb n|w s|||| 0|||b1eng d
022 |a 0007-1080 
035 |a 32849 
040 |a vLex 
090 |c 11426  |d 11426 
245 0 0 |a British Journal of Industrial Relations  |h [Recurso electrn̤ico] / 
256 |a Servicio en ln̕ea 
260 |a Hoboken:  |b Wiley,  |c 1963 - 
300 |a 1 recurso electrn̤ico 
310 |a Irregular 
362 |a Nð 1-1 (Feb. 1963) - 
506 1 |a Disponible solo en los productos indicados  |d vLex Global  |d vLex Global (Academic Edition, excluding Law Schools)  |d vLex Global (U.S. Academic Edition, Law Schools)  |d vLex Global (U.S. Academic Edition, excluding Law Schools)  |d vLex Global (Academic Edition, Law Schools) 
650 0 4 |a Derecho Mercantil y de la Empresa  |z Reino Unido 
650 0 4 |a Derecho Pb︢lico y Administrativo  |z Reino Unido 
740 0 |a vLex Revistas (Servicio en ln̕ea) 
856 4 0 |u https://vlex.com/source/32849  |z Acceso restringido 
942 |c REV 
999 0 |a Commercial and Company Law 
999 0 |a Public and Administrative Law